000 00478nam a2200193 a 4500
001 1766034867525
003 ACL
005 20251218104756.0
008 251218s2006##################000#0#eng##
020 _a9781844833016
082 0 4 _a641.5
_bHUN
100 1 _aHunter, Fiona,
_eauthor.
245 1 0 _aThe Big GL Plus Diet Planner :
260 _bDuncan Baird Publishers,
_c2006.
300 _a144 pages
650 0 _aCooking.
942 _cENGLISH
040 _aACL
_beng
_cACL
999 _c603177
_d603177